000 00909nam a2200289#a 4500
001 00868
003 HDC
007 ta
008 230623s2002 xx 000 0 eng d
020 _a9780471385967 (hbk.).
040 _aHDC
050 _aref QR 121
_b.D28 2002
245 0 _aDairy microbiology handbook /
_cedited by Richard K. Robinson.
250 _a3rd ed.
264 _aNew York :
_bWiley Interscience,
_cc2002.
300 _axiv,765p. ;
_b ill. :
_c 25cm.
500 _aThe microbiology of milk and milk products--Cover p. 1.
_aRev ed. of: Dairy microbiology. 1990.
504 _a Includes bibliographical references and index.
650 _aDairy microbiology
_vHandbooks, manuals, etc.
700 _aDairy microbiology.
700 _aDairy microbiology.
700 _aRobinson, R. K.
_q(Richard Kenneth)
942 _2lcc
942 _cBK
942 _kref QR 121
942 _m.D28 2002
999 _c22474
_d22474